00265nam a2200121Ia 45000030006000000080041000060400015000471000015000622450028000772600009001055460012001140050017001260STCL150530s9999 xx 000 0 und d aSTCLcSTCL aHerbetg, W aProtestant catholic jew c1960 aEnglish20220125165410.0